[Event "4th ChessMates Murmansk 2020"]
[Site "Murmansk"]
[Date "2020.03.14"]
[Round "3.6"]
[White "Myskovski, Deniss"]
[Black "Solovyev, Vladislav B."]
[Result "0-1"]
[WhiteElo "1205"]
[BlackElo "1410"]
[Annotator "NA RC"]
[PlyCount "96"]
[EventDate "2020.03.13"]
[EventType "team-tourn"]
[EventCountry "RUS"]
[SourceTitle "playchess.com"]
[Source "ChessBase"]
[SourceQuality "1"]
[TimeControl "5400+30"]

1. e4 {[%emt 0:00:00]} e5 {[%emt 0:00:00]} 2. Bc4 {[%emt 0:00:00]} Nc6 {[%emt 0:00:00]} 3. Nf3 {[%emt 0:00:00]} Bc5 {[%emt 0:00:00]} 4. Nc3 {[%emt 0:00:12]} d6 {[%emt 0:00:04]} 5. h3 {[%emt 0:00:37]} Nf6 {[%emt 0:00:05]} 6. d3 {[%emt 0:00:19]} Be6 {[%emt 0:00:07]} 7. Bg5 {[%emt 0:00:53]} h6 {[%emt 0:00:09]} 8. Bxf6 {[%emt 0:00:30]} Qxf6 {[%emt 0:00:11]} 9. Nd5 {[%emt 0:00:21]} Bxd5 {[%emt 0:00:42]} 10. Bxd5 {[%emt 0:00:26]} Nd4 {[%emt 0:00:44]} 11. O-O {[%emt 0:03:10]} Nxf3+ {[%emt 0:00:38]} 12. Qxf3 {[%emt 0:00:06]} Qxf3 {[%emt 0:00:05]} 13. gxf3 {[%emt 0:00:06]} c6 {[%emt 0:00:04]} 14. Bb3 {[%emt 0:00:16]} g5 {[%emt 0:00:34]} 15. Kg2 {[%emt 0:01:31]} Ke7 {[%emt 0:00:14]} 16. Rh1 {[%emt 0:00:52]} Rag8 {[%emt 0:10:05]} 17. Rag1 {[%emt 0:10:14]} Rg6 {[%emt 0:01:51]} 18. Kf1 {[%emt 0:01:46]} Rhg8 {[%emt 0:00:14]} 19. Rg2 {[%emt 0:03:38]} b5 {[%emt 0:00:26]} 20. c3 {[%emt 0:03:11]} a5 {[%emt 0:00:37]} 21. Bc2 {[%emt 0:08:23]} b4 {[%emt 0:01:07]} 22. c4 {[%emt 0:00:32]} Bd4 {[%emt 0:00:26]} 23. b3 {[%emt 0:00:18]} Rf6 {[%emt 0:00:26]} 24. Bd1 {[%emt 0:03:00]} d5 {[%emt 0:01:02]} 25. Rhh2 {[%emt 0:09:32]} dxc4 {[%emt 0:00:20]} 26. bxc4 {[%emt 0:02:09]} Ra8 {[%emt 0:00:04]} 27. h4 {[%emt 0:02:30]} gxh4 {[%emt 0:00:19]} 28. Rxh4 {[%emt 0:00:09]} a4 {[%emt 0:00:06]} 29. Rg7 {[%emt 0:00:32]} b3 {[%emt 0:00:21]} 30. a3 {[%emt 0:04:06]} b2 {[%emt 0:00:41]} 31. Bc2 {[%emt 0:00:32]} Rxf3 {[%emt 0:00:17]} 32. Rh2 {[%emt 0:01:01]} Rb8 {[%emt 0:00:06]} 33. Ke2 {[%emt 0:01:36]} Rf6 {[%emt 0:00:29]} 34. Rg1 {[%emt 0:00:54]} c5 {[%emt 0:00:31]} 35. Rb1 {[%emt 0:02:14]} Rfb6 {[%emt 0:02:13]} 36. Rh3 {[%emt 0:04:53]} Rb3 {[%emt 0:01:30]} 37. Rxh6 {[%emt 0:03:32]} Rxa3 {[%emt 0:00:16]} 38. Ra6 {[%emt 0:00:35]} Rc3 {[%emt 0:00:13]} 39. Ra7+ {[%emt 0:02:37]} Kf8 {[%emt 0:00:15]} 40. Kd2 {[%emt 0:03:27]} a3 {[%emt 0:00:17]} 41. Rh1 {[%emt 0:00:36]} Rb6 {[%emt 0:04:17]} 42. Bb1 {[%emt 0:02:31]} Rf6 {[%emt 0:01:06]} 43. Ra8+ {[%emt 0:01:51]} Kg7 {[%emt 0:00:14]} 44. Rg1+ {[%emt 0:00:29]} Rg6 {[%emt 0:00:06]} 45. Rxg6+ {[%emt 0:01:09]} fxg6 {[%emt 0:00:06]} 46. Ra7+ {[%emt 0:00:40]} Kh6 {[%emt 0:00:05]} 47. Ba2 {[%emt 0:00:38]} Rc1 {[%emt 0:00:43]} 48. Rxa3 {[%emt 0:00:21]} b1=Q {[%emt 0:00:08]} 0-1

[Event "4th ChessMates Murmansk 2020"]
[Site "Murmansk"]
[Date "2020.03.14"]
[Round "3.7"]
[White "Iarovoi, Dmitrii"]
[Black "Blokhin, Sofia"]
[Result "0-1"]
[WhiteElo "1346"]
[BlackElo "1854"]
[Annotator "NA RC"]
[PlyCount "56"]
[EventDate "2020.03.13"]
[EventType "team-tourn"]
[EventCountry "RUS"]
[SourceTitle "playchess.com"]
[Source "ChessBase"]
[SourceQuality "1"]
[TimeControl "5400+30"]

{[%evp 8,56,22,17,16,18,10,0,12,-15,21,1,36,14,16,21,46,21,25,-6,-5,-45,-73,-61,-22,-386,-372,-466,-489,-528,-552,-569,32767,-573,32767,-583,32767,-572,32767,-573,-581,-602,-602,-625,-570,-668,-631,-717,-629,-733,-656]} 1. e4 {[%emt 0:00:00]} c5 {[%emt 0:00:00]} 2. Nf3 {[%emt 0:00:00]} e6 {[%emt 0:00:00]} 3. c3 {[%emt 0:00:00]} Nc6 {[%emt 0:00:00]} 4. Bb5 {[%emt 0:00:08]} a6 {[%emt 0:00:55]} 5. Bxc6 {[%emt 0:00:08]} bxc6 {[%emt 0:00:11]} 6. O-O {[%emt 0:00:13] B30: Sicilian: 2...Nc6 3 Bb5, lines without ...g6.} d5 {[%emt 0:00:58]} 7. e5 {[%emt 0:00:05]} Ne7 {[%emt 0:00:53]} 8. d4 {[%emt 0:01:08]} Ng6 {[%emt 0:01:37]} 9. Be3 {[%emt 0:01:45]} cxd4 {[%emt 0:00:21]} 10. cxd4 {[%emt 0:00:05]} Be7 {[%emt 0:00:24] [#]} 11. Qc2 $146 {[%emt 0:00:40]} ({Predecessor:} 11. Nbd2 O-O 12. Rc1 Qb6 13. Nb3 a5 14. Qc2 Ba6 15. Rfe1 Rab8 16. Rb1 Bc4 17. Nc5 Bxa2 {0-1 (44) Calvo Nobrega,J-Correa Hernandez,S (1899) Tenerife 2001}) 11... Bd7 {[%emt 0:00:32]} 12. Nbd2 {[%emt 0:00:19]} O-O {[%emt 0:01:23]} 13. a3 {[%emt 0:00:55]} Rb8 {[%emt 0:01:37]} 14. Ne1 {[%emt 0:02:23] [#]} c5 $1 {[%emt 0:02:52]} 15. dxc5 {[%emt 0:01:23]} Bb5 {[%emt 0:00:29]} 16. Nd3 $2 {[%emt 0:00:28]} (16. Ndf3 $1 $11) 16... d4 {[%emt 0:00:46]} 17. Nc4 {[%emt 0:22:11]} dxe3 {[%emt 0:01:06]} 18. fxe3 {[%emt 0:01:23]} Qd5 {[%emt 0:01:33]} 19. b3 {[%emt 0:01:51]} Bxc5 {[%emt 0:00:35]} 20. Rae1 {[%emt 0:02:27]} Ba7 {[%emt 0:02:15]} 21. Ndb2 {[%emt 0:00:09]} Bxc4 22. Nxc4 Nxe5 {[%emt 0:01:35]} 23. Nxe5 {[%emt 0:00:56]} Qxe5 {[%emt 0:00:09]} 24. Kh1 {[%emt 0:00:09]} Rbc8 {[%emt 0:00:25]} 25. Qe2 {[%emt 0:00:49]} Qb5 {[%emt 0:00:39]} 26. Qg4 {[%emt 0:00:35] [#]} Bxe3 $1 {[%emt 0:00:59] Back Rank} 27. Rf3 {[%emt 0:00:22]} Bh6 {[%emt 0:01:56]} 28. Rh3 {[%emt 0:00:14]} Qg5 $19 {[%emt 0:00:33]} 0-1

[Event "4th ChessMates Murmansk 2020"]
[Site "Murmansk"]
[Date "2020.03.14"]
[Round "3.8"]
[White "Smirnova, Jekaterina"]
[Black "Pereverzev, Valerii"]
[Result "1-0"]
[WhiteElo "1439"]
[BlackElo "1379"]
[Annotator "NA RC"]
[PlyCount "25"]
[EventDate "2020.03.13"]
[EventType "team-tourn"]
[EventCountry "RUS"]
[SourceTitle "playchess.com"]
[Source "ChessBase"]
[SourceQuality "1"]
[TimeControl "5400+30"]

1. c4 {[%emt 0:00:00]} e6 {[%emt 0:03:46]} 2. Nc3 {[%emt 0:00:05]} Nf6 {[%emt 0:00:11]} 3. e4 {[%emt 0:01:21]} d5 {[%emt 0:00:10]} 4. cxd5 {[%emt 0:01:04]} exd5 {[%emt 0:00:23]} 5. exd5 {[%emt 0:05:43]} Nxd5 {[%emt 0:00:13]} 6. Bc4 {[%emt 0:03:07]} Nxc3 {[%emt 0:02:36]} 7. bxc3 {[%emt 0:00:27]} c5 {[%emt 0:00:52]} 8. Nf3 {[%emt 0:01:19]} Be7 {[%emt 0:00:22]} 9. O-O {[%emt 0:01:04]} O-O {[%emt 0:00:15]} 10. Ne5 {[%emt 0:02:07]} Bf6 {[%emt 0:01:19]} 11. Re1 {[%emt 0:08:13]} Qc7 {[%emt 0:00:11]} 12. Nxf7 {[%emt 0:19:12]} Rxf7 {[%emt 0:00:11]} 13. Re8# {[%emt 0:00:07]} 1-0

[Event "4th ChessMates Murmansk 2020"]
[Site "Murmansk"]
[Date "2020.03.14"]
[Round "3.11"]
[White "Karapetyan, Tigran"]
[Black "Travadon, Loic"]
[Result "0-1"]
[WhiteElo "1823"]
[BlackElo "2426"]
[Annotator "TA"]
[PlyCount "84"]
[EventDate "2020.03.13"]
[EventType "team-tourn"]
[EventCountry "RUS"]
[SourceTitle "playchess.com"]
[Source "ChessBase"]
[SourceQuality "1"]

{[%evp 10,84,19,0,0,-22,-10,-34,-32,-64,-50,-83,-72,-107,-100,-107,-130,-119,-126,-129,-130,-192,-179,-172,-180,-168,-148,-247,-203,-220,-225,-231,-232,-254,-192,-331,-356,-341,-332,-361,-348,-396,-323,-334,-327,-347,-339,-425,-430,-419,-432,-676,-396,-449,-429,-396,-366,-383,-388,-680,-750,-747,-737,-736,-731,-1534,-1356,-1268,-1253,-6636,-7549,-5731,-5622,-29983,-29984,-29984,-29984]} 1. e4 e5 2. Nf3 Nc6 3. Bc4 Nf6 4. d4 exd4 5. O-O Be7 6. e5 Ng4 {C56: Two Knights: 4 d4 exd4 5 0-0 Nxe4.} 7. Bf4 g5 8. Bg3 ({But not} 8. Nxd4 Nxd4 9. Qxd4 gxf4 $17) 8... h5 $1 {[%cal Rh5h4] And now ...h4 would win.Black is slightly better.} 9. Nxd4 Ncxe5 {[#]} 10. Bxe5 $146 ({Predecessor:} 10. Bb3 d6 11. Nc3 c6 12. Nf3 Nxf3+ 13. Qxf3 d5 14. h3 h4 15. Nxd5 cxd5 16. Bxd5 {0-1 (23) Navarro Alonso,J (2182)-Lopez Gracia,F (2346) Aragon 2016}) 10... Nxe5 11. Bb3 d5 $36 {[%mdl 2048] White is under strong pressure.} 12. Re1 {[#]} Ng6 $1 13. c4 c5 14. Nf3 d4 15. Bc2 (15. Nxg5 $17 Kf8 16. Nf3) 15... g4 16. Ne5 Nxe5 17. Rxe5 Be6 18. Qe2 (18. Bf5 $17) 18... Bd6 19. Nd2 Qe7 ({Worse is} 19... Bxe5 20. Qxe5 Rh6 21. Qg7 $15) 20. Ba4+ Kf8 21. Re1 Rh6 22. Nf1 (22. Re4 {might work better.}) 22... Bxe5 $19 23. Qxe5 h4 24. Nd2 Rd8 25. Bd1 f5 26. Qf4 Kg7 27. Qe5+ Rf6 28. Qf4 Qd6 29. Re5 Rg6 30. f3 (30. Ba4 $142) 30... Rf8 31. fxg4 fxg4 32. Qe4 b6 33. Bc2 Rff6 34. Qb7+ $2 {[#]} (34. Qe2 Rh6 35. Qe4) 34... Bf7 35. Qe4 Re6 36. Rxe6 Qxe6 37. Qf4 Qe3+ 38. Qxe3 dxe3 39. Bxg6 exd2 40. Bc2 g3 41. Bd1 Bxc4 42. b3 Bd3 {Accuracy: White = 36%, Black = 90%.} 0-1

[Event "4th ChessMates Murmansk 2020"]
[Site "Murmansk"]
[Date "2020.03.14"]
[Round "3.12"]
[White "Vlachos, Anatole"]
[Black "Illina, Natalia"]
[Result "1-0"]
[WhiteElo "2403"]
[BlackElo "2081"]
[Annotator "TA"]
[PlyCount "57"]
[EventDate "2020.03.13"]
[EventType "team-tourn"]
[EventCountry "RUS"]
[SourceTitle "playchess.com"]
[Source "ChessBase"]
[SourceQuality "1"]

{[%evp 13,57,-6,12,21,23,16,18,19,27,16,20,22,39,13,17,0,11,13,37,3,24,0,0,-3,-3,-10,-18,-25,46,17,40,34,334,323,328,338,331,326,440,442,706,697,687,673,998,970]} 1. c4 e5 2. g3 Nc6 3. Bg2 g6 4. Nc3 Bg7 5. Rb1 a5 6. a3 d6 7. d3 f5 8. e3 {A25: English Opening vs King's Indian with ...Nc6 but without early d3.} Be6 9. Nge2 Nf6 10. O-O {The position is equal.} O-O 11. b4 axb4 12. axb4 {[%cal Ba3b4,Bb4b5][%mdl 32]} Rb8 13. f4 {[#]} Ne7 $146 ({Predecessor:} 13... Kh8 14. b5 Ne7 15. Ba3 Re8 16. h3 Bg8 17. Qc2 exf4 18. gxf4 d5 19. c5 d4 20. Nxd4 {1-0 (38) Anurag,M (2454)-Rzayev,B (2391) Skopje 2017}) 14. Qd2 c6 15. b5 Qd7 16. Ba3 Ra8 17. Rb3 e4 18. Nd4 Bf7 {Black wants to play ...c5.} 19. bxc6 bxc6 20. Rfb1 Rfc8 ({Black should try} 20... c5 $11 21. Nc2 (21. Rb7 cxd4 22. Rxd7 dxc3 $17) 21... Nc6) 21. Nc2 {[%cal Rd3e4]} d5 22. dxe4 dxc4 $2 {[%mdl 8192] [#] This move loses the game for Black.} (22... fxe4 $14 23. Nxe4 Nxe4 24. Bxe4 {[%mdl 64] Pin} Qe6) 23. Qxd7 $18 Nxd7 24. Rb7 Be6 25. e5 ({Not} 25. Bxe7 Bxc3 26. exf5 gxf5 $16) 25... c5 26. Rd1 {White is clearly winning.} Rd8 (26... Rab8 $142 27. Rbxd7 Bxd7 28. Rxd7 Nc6 29. Bxc5 Nxe5) 27. Rbxd7 Rxd7 28. Rxd7 Rxa3 29. Rd8+ {Accuracy: White = 82%, Black = 51%.} ({Less strong is} 29. Nxa3 Bxd7 30. Nxc4 Bf8 $16) (29. Rxe7 Rxc3 30. Rxe6 Rxc2 $18) 1-0

[Event "4th ChessMates Murmansk 2020"]
[Site "Murmansk"]
[Date "2020.03.14"]
[Round "3.13"]
[White "Kirakosyan, Ashot"]
[Black "Rachid, Alexandre"]
[Result "0-1"]
[WhiteElo "1911"]
[BlackElo "2099"]
[Annotator "TA"]
[PlyCount "100"]
[EventDate "2020.03.13"]
[EventType "team-tourn"]
[EventCountry "RUS"]
[SourceTitle "playchess.com"]
[Source "ChessBase"]
[SourceQuality "1"]

{[%evp 15,100,-42,-16,-83,-72,-86,16,-14,26,-7,66,52,95,108,104,49,59,59,60,60,68,60,80,80,85,82,77,60,75,-21,-20,-85,-35,-31,-33,-29,-14,-25,-25,-25,-19,-23,-19,-22,-20,-34,-36,-40,-40,-43,-40,-41,-43,-43,-43,-43,-49,-81,-77,-133,-133,-132,-131,-131,-131,-125,-164,-162,-156,-400,-393,-547,-564,-568,-549,-927,-899,-1188,-1119,-1482,-11120,-6207,-5985,-29979,-29980,-29970,-29974]} 1. e4 c5 2. Nf3 d6 3. d4 cxd4 4. Nxd4 Nf6 5. Nc3 g6 6. Be3 Bg7 7. Bc4 O-O 8. Qd2 Ng4 $1 9. Bg5 {[#] B72: Sicilian Dragon: 6 Be3, lines with h3+Bc4 and sidelines.} (9. Nd1 $11) 9... h6 $1 $17 {[%cal Rh6g5]} 10. Bh4 {[#]} Nc6 (10... Bxd4 $1 $17 11. Qxd4 e5 12. Bxd8 exd4) 11. Nde2 {The position is equal.} Bd7 {[#]} 12. O-O-O $146 ({Predecessor:} 12. h3 Nge5 13. Bb3 Na5 14. O-O-O Nec4 15. Qd3 Rc8 16. f4 b5 17. Nd4 Re8 18. g4 {0-1 (53) Serebrennikov,Y-Matveev,N (2003) Ulan Ude 2010}) 12... Nf6 ({Black should try} 12... Na5 $11 13. Bb3 Ne5) 13. f4 (13. Bxf6 $5 Bxf6 14. Qxh6 $14) 13... Rb8 {[#]} 14. e5 $1 $36 {[%mdl 2560] Keeping Black busy.} Ne8 (14... dxe5 15. Bxf6) 15. exd6 (15. Rhe1 $16) 15... Nxd6 $14 {[#]} 16. Qxd6 $1 {[%mdl 512]} exd6 17. Bxd8 Rfxd8 18. Rxd6 Bf5 19. Rhd1 Rxd6 20. Rxd6 Kf8 21. Nd5 Re8 22. Nf6 ({White should play} 22. c3 $16) 22... Rc8 $11 {Strongly threatening ...Ke7.} 23. Nd5 (23. g4 $11 {remains equal.} Na5 24. Bd3) 23... Na5 24. b3 Nxc4 25. bxc4 Ke8 {Threatens to win with ...Bf8.} 26. Ne3 Be6 27. Rd3 Bxc4 28. Nxc4 Rxc4 {[%mdl 4096] Endgame KRB-KRN} 29. Ra3 a6 30. Re3+ Kd7 31. Rb3 Kc6 32. Re3 Bf6 33. c3 b5 34. Kc2 Kd5 35. Rd3+ Ke6 36. g3 Re4 37. Kd2 ({Better is} 37. Ng1) 37... Ra4 $17 38. Nc1 h5 39. Re3+ Kf5 40. Kc2 Ra3 41. Rd3 Kg4 42. h4 $2 {[#] This move loses the game for White.} (42. Rd7 $17) 42... b4 $1 $19 {[%mdl 512]} 43. cxb4 Rxd3 44. Kxd3 {intending Ne2.} Kxg3 {KB-KN} 45. Ke3 Bxh4 46. Ne2+ Kg2 47. a4 Bf2+ 48. Ke4 h4 49. Nd4 Bxd4 50. Kxd4 h3 {Accuracy: White = 49%, Black = 82%.} 0-1

[Event "4th ChessMates Murmansk 2020"]
[Site "Murmansk"]
[Date "2020.03.14"]
[Round "3.14"]
[White "Hasseine, Madiane"]
[Black "Mamoshin, Oleg"]
[Result "1-0"]
[WhiteElo "2163"]
[BlackElo "1648"]
[Annotator "TA"]
[PlyCount "65"]
[EventDate "2020.03.13"]
[EventType "team-tourn"]
[EventCountry "RUS"]
[SourceTitle "playchess.com"]
[Source "ChessBase"]
[SourceQuality "1"]

{[%evp 9,65,41,52,20,32,10,6,-18,39,60,47,45,47,54,137,0,20,21,53,18,21,18,14,14,45,25,41,35,129,136,144,79,108,68,87,93,767,761,751,701,937,938,927,885,798,836,727,530,518,512,612,606,670,660,642,654,628,621]} 1. e4 c5 2. Nf3 Nc6 3. Bb5 e6 4. O-O Qc7 5. Re1 a6 6. Bf1 {B30: Sicilian: 2...Nc6 3 Bb5, lines without ...g6.} (6. Bxc6 $5 dxc6 7. d4 $14) 6... Nge7 7. a4 {[#]} d5 $146 ({Predecessor:} 7... Ng6 8. c3 b6 9. d4 Be7 10. g3 Bb7 11. h4 h5 12. Bg5 f6 13. Be3 Bd6 {1-0 (41) Delchev,P (2256)-Stoynov,I (2305) Sunny Beach 2012}) 8. Na3 {The position is equal.} Rb8 (8... dxe4 $11 9. Rxe4 f6) 9. d4 $14 cxd4 10. Nxd4 Nxd4 11. Qxd4 e5 (11... Nc6 $14 12. Qd3 d4) 12. Qe3 (12. Bf4 $1 $16 {[%cal Rf4e5]} f6 13. exd5) 12... d4 13. Qg3 Ng6 14. Bd2 Be6 15. c3 dxc3 16. Bxc3 Bd6 17. Rac1 Qe7 18. Nc4 f6 (18... Bxc4 $1 $14 19. Bxc4 Bb4) 19. Nxd6+ $16 Qxd6 {[#]} 20. Red1 ({White should try} 20. Ba5 $1 {[%cal Ra5c7]} b6 21. Red1) 20... Qe7 21. Qe3 {Hoping for Qb6.} O-O {[#]} 22. Qb6 $1 $36 {[%mdl 2048] Threatens to win with Bb4. White is in control.} Rbc8 $2 {[%mdl 8192] Now Black is done in.} (22... Rfd8 $16) 23. Bb4 $18 {[%mdl 64] Skewer. White is clearly winning.} Qf7 24. Bxf8 Nxf8 25. Rxc8 Bxc8 26. Rd8 Bd7 27. Qxb7 Bxa4 28. Qxf7+ Kxf7 29. Bxa6 {KRB-KBN} Bb3 30. Rb8 Bc2 31. Bc4+ Ke7 32. Rb7+ Kd6 33. f3 {Accuracy: White = 72%, Black = 48%.} 1-0

[Event "4th ChessMates Murmansk 2020"]
[Site "Murmansk"]
[Date "2020.03.14"]
[Round "3.15"]
[White "Khripachenko, Alexander"]
[Black "Meillon, Judicael"]
[Result "1/2-1/2"]
[WhiteElo "1773"]
[BlackElo "2162"]
[Annotator "TA"]
[PlyCount "104"]
[EventDate "2020.03.13"]
[EventType "team-tourn"]
[EventCountry "RUS"]
[SourceTitle "playchess.com"]
[Source "ChessBase"]
[SourceQuality "1"]

{[%evp 17,104,44,54,41,115,116,118,110,114,120,147,154,162,160,151,154,204,207,204,175,260,164,168,167,187,149,166,151,164,98,100,105,150,86,91,84,91,34,34,34,42,41,35,41,39,18,38,9,10,0,10,10,14,0,43,0,29,7,14,0,0,0,20,0,0,0,0,0,0,0,0,0,13,0,0,0,0,0,0,0,0,0,0,0,0,0,8,0,0]} 1. e4 d6 2. d4 Nf6 3. Nc3 e5 4. Nf3 Nbd7 5. Bc4 Be7 6. O-O O-O 7. h3 c6 8. a4 a5 {Recently 8...h6 got a lot of attention.} 9. Be3 Qc7 10. Qd2 {[#] C41: Philidor Defence.} Nxe4 $146 (10... b6 $14) ({Predecessor:} 10... Rb8 11. Qe2 h6 12. Ba2 exd4 13. Nxd4 Nc5 14. Bf4 Re8 15. Rfe1 Bf8 16. f3 Ne6 17. Be3 Nxd4 18. Bxd4 {0-1 (46) Adamczyk,Z (1842)-Kvaratskhelia,D (1996) Krakow 2018}) 11. Nxe4 $16 {Threatens to win with d5.} d5 {[#]} 12. Bxd5 $1 {White is better.} cxd5 13. Nc3 exd4 14. Nxd5 Qd6 15. Nxe7+ Qxe7 16. Bxd4 Ra6 17. Rfe1 Qd8 18. Qf4 Nf6 (18... h6 $142 19. Bc3 Re8) 19. Bc5 {[#] Hoping for Rad1.} Re8 20. Rxe8+ Qxe8 21. Re1 Re6 22. Rxe6 Bxe6 23. Qd4 (23. Bb6 $18) 23... h6 24. Bb6 Qc6 25. Bxa5 (25. Ne1 $142) 25... Qxc2 26. Bc3 Kh7 27. Qd2 ({Better is} 27. Ne1 $16 Qg6 28. Kh2) 27... Qxa4 $14 28. Bxf6 gxf6 29. Qd4 Qa1+ 30. Kh2 Kg7 31. Qd2 Qa6 32. Ng1 Qb6 33. Nf3 Qc7+ 34. Kg1 Qc5 35. Qd4 b6 36. b4 Qc6 37. Kh2 Bd5 {The position is equal.} 38. Nh4 {aiming for Nf5+.} Qd6+ 39. g3 Qe6 40. Qf4 {next Nf5+ is good for White.} Be4 41. Qe3 b5 42. f3 Qa2+ 43. Ng2 Bb7 44. g4 Qc4 (44... Qb2 {feels hotter.} 45. Qf4 Bc6 46. Kg3 Qc3 47. h4 Kg8) 45. Qf4 (45. Nf4 {with more complications.} Qc7 46. Kg3 Qe5 47. Qd2 f5 48. gxf5 Qxf5 49. Qd4+) 45... Qxf4+ 46. Nxf4 Bxf3 $11 {[%mdl 4096] Endgame KB-KN} 47. Kg3 Bc6 48. Nh5+ Kg6 49. Nf4+ Kg7 50. Nh5+ Kg6 51. Nf4+ Kh7 52. Nh5 Kg6 {Black defended with fortune. Accuracy: White = 75%, Black = 74%.} 1/2-1/2

[Event "4th ChessMates Murmansk 2020"]
[Site "Murmansk"]
[Date "2020.03.14"]
[Round "3.16"]
[White "Kien, Clovis"]
[Black "Morar, Kirill"]
[Result "1/2-1/2"]
[WhiteElo "1765"]
[BlackElo "1271"]
[Annotator "NA RC"]
[PlyCount "64"]
[EventDate "2020.03.13"]
[EventType "team-tourn"]
[EventCountry "RUS"]
[SourceTitle "playchess.com"]
[Source "ChessBase"]
[SourceQuality "1"]
[TimeControl "5400+30"]

1. d4 {[%emt 0:00:24]} Nf6 {[%emt 0:00:00]} 2. c4 {[%emt 0:00:09]} g6 {[%emt 0:00:00]} 3. Nc3 {[%emt 0:00:06]} d5 {[%emt 0:00:00]} 4. Nf3 {[%emt 0:00:35]} Bg7 {[%emt 0:00:00]} 5. Bg5 {[%emt 0:00:08]} Ne4 {[%emt 0:09:42]} 6. cxd5 {[%emt 0:00:27]} Nxc3 {[%emt 0:00:10]} 7. bxc3 {[%emt 0:00:47]} Qxd5 {[%emt 0:00:11]} 8. h3 {[%emt 0:21:32]} Qa5 {[%emt 0:06:26]} 9. Qd2 {[%emt 0:01:41]} c5 {[%emt 0:00:37]} 10. e3 {[%emt 0:04:29]} Nc6 {[%emt 0:01:25]} 11. Be2 {[%emt 0:00:57]} Be6 {[%emt 0:14:51]} 12. O-O {[%emt 0:02:46]} Bd5 {[%emt 0:00:30]} 13. Qc2 {[%emt 0:03:53]} cxd4 {[%emt 0:03:46]} 14. cxd4 {[%emt 0:00:55]} Bxf3 {[%emt 0:04:30]} 15. Bxf3 {[%emt 0:00:51]} Nxd4 {[%emt 0:11:51]} 16. exd4 {[%emt 0:01:19]} Qxg5 {[%emt 0:00:27]} 17. Bxb7 {[%emt 0:05:53]} Rd8 {[%emt 0:02:20]} 18. Qc7 {[%emt 0:08:05]} O-O {[%emt 0:01:19]} 19. Rae1 {[%emt 0:06:38]} e6 {[%emt 0:01:36]} 20. d5 {[%emt 0:00:50]} exd5 {[%emt 0:00:33]} 21. Re7 {[%emt 0:02:58]} Bf6 {[%emt 0:01:52]} 22. Rd7 {[%emt 0:00:19]} Be5 {[%emt 0:03:38]} 23. Qc6 {[%emt 0:01:26]} Rxd7 {[%emt 0:00:35]} 24. Qxd7 {[%emt 0:00:04]} Rd8 {[%emt 0:00:27]} 25. Qb5 {[%emt 0:08:27]} d4 {[%emt 0:06:32]} 26. Qa4 {[%emt 0:08:38]} a5 {[%emt 0:04:07]} 27. Kh1 {[%emt 0:02:24]} Bf4 {[%emt 0:11:07]} 28. Rd1 {[%emt 0:04:09]} Bd2 {[%emt 0:02:00]} 29. Qc4 {[%emt 0:00:25]} Bc3 {[%emt 0:00:43]} 30. Rd3 {[%emt 0:00:40]} Qc1+ {[%emt 0:01:59]} 31. Kh2 {[%emt 0:00:02]} Qf4+ {[%emt 0:00:18]} 32. Kg1 {[%emt 0:00:10]} Qc1+ {[%emt 0:00:05]} 1/2-1/2

[Event "4th ChessMates Murmansk 2020"]
[Site "Murmansk"]
[Date "2020.03.14"]
[Round "3.17"]
[White "Abbasov, Aziz"]
[Black "Gherghinoiu, Lucas"]
[Result "0-1"]
[WhiteElo "1478"]
[BlackElo "2109"]
[Annotator "TA"]
[PlyCount "80"]
[EventDate "2020.03.13"]
[EventType "team-tourn"]
[EventCountry "RUS"]
[SourceTitle "playchess.com"]
[Source "ChessBase"]
[SourceQuality "1"]

{[%evp 18,80,7,-22,-9,-26,0,-25,-8,-66,-71,-112,-77,-170,-117,-140,-103,-100,-58,-120,-86,-109,-26,-181,-127,-125,-98,-212,-143,-218,39,41,46,48,199,185,203,208,241,231,224,114,100,106,313,310,264,44,63,0,0,0,0,0,0,0,0,0,0,-110,-110,-29996,-29997,-29997,-29998]} 1. b3 d5 2. Bb2 e6 3. e3 Nf6 4. Nf3 Be7 5. Be2 O-O 6. O-O b6 7. d4 Bb7 8. c4 Nbd7 9. Nc3 c5 10. Qc2 Rc8 {E14: Queen's Indian: Classical Variation (4 e3).} 11. Rad1 Bd6 {[#]} 12. Ba3 $146 ({Predecessor:} 12. dxc5 Nxc5 13. cxd5 Nxd5 14. Bc4 Nb4 15. Qe2 Qe7 16. a3 Nc6 17. b4 Nd7 18. Ne4 Be5 {0-1 (64) Giri,A (2779)-Ding,L (2805) Zagreb 2019}) 12... a6 {Black has an edge.} 13. Nd2 (13. cxd5 $11 exd5 14. Rc1) 13... Qc7 $15 14. f4 Rfd8 15. h3 (15. Qb2 $17 {keeps fighting.}) 15... Bf8 (15... cxd4 $19 16. Bxd6 Qxd6 17. exd4 dxc4 {[%mdl 64] Discovered Attack} 18. Nxc4 Qc7) 16. Nf3 cxd4 17. Bxf8 Nxf8 18. Nxd4 (18. Rxd4 $15 b5 19. Rfd1) 18... e5 19. Nf5 Ng6 (19... dxc4 $17 20. bxc4 g6 21. Nh6+ Kg7) 20. g3 $2 (20. fxe5 $11 Nxe5 21. Qb2) 20... b5 ({Black should play} 20... dxc4 $19 21. bxc4 Rxd1 22. Qxd1 Rd8) 21. Bf3 $17 bxc4 ({Don't take} 21... dxc4 22. Bxb7 Qxb7 23. bxc4 $15) 22. Na4 (22. bxc4 $17 Ba8 23. Qe2) 22... c3 23. Rd3 (23. Bg2 $17 {is a better defense.}) 23... e4 $2 ({Inferior is} 23... exf4 24. Rxc3 Qb8 25. gxf4 $15) (23... Qd7 $19 24. Rxc3 Rxc3 25. Nxc3 Rc8) 24. Rxc3 $14 Qd7 25. Bg4 $1 Nxg4 $2 (25... Rxc3 $14 26. Qxc3 Qe8) 26. hxg4 $18 Rxc3 27. Qxc3 {[%csl Gf5][%cal Rc3g7]} f6 28. Rc1 $1 {Nb6 is the strong threat.} Rc8 29. Qd2 (29. Nc5 $18 Qc7 30. b4) 29... Rxc1+ $16 30. Qxc1 Ne7 $2 (30... Nf8 $16) 31. Nc5 $18 Qc7 {[#]} 32. Nxe7+ $2 ({Only move:} 32. Nxg7 $1 $18 {[%mdl 512] And now g5 would win.} Bc8 (32... Kxg7 33. Ne6+) 33. Nh5) 32... Qxe7 $14 33. Nxb7 ({Better is} 33. b4 $14) 33... Qxb7 $18 {[%mdl 4096] Endgame KQ-KQ} 34. Qc5 h6 35. b4 Qd7 36. Qd4 Kh7 37. Kg2 Qxg4 {Threatens to win with ...Qe2+.} 38. a4 (38. Qxd5 $11 {remains equal.} Qf3+ 39. Kh2) 38... Qf3+ 39. Kh3 $2 {[%mdl 8192]} (39. Kh2 $17) 39... Qh1+ 40. Kg4 h5+ {Accuracy: White = 33%, Black = 34%.} 0-1